000 00368nam a22001457a 4500
003 MACL
005 20191126165115.0
008 191126b xxu||||| |||| 00| 0 eng d
040 _c MACL
100 _aGoel,Nikita & Malhotra, Sonal
_977305
245 _aNot Born in the USA
260 _aDelhi
_bFingerprints
_c2018
650 _aMotivation
_977306
942 _2ddc
_cBK
999 _c61419
_d61419